Things Youtubers tell you to do - Statistics

General Stats
  • This quiz has been taken 64 times
  • The average score is 3 of 11
Answer Stats
Answer % Correct
Like
96%
Subscribe
96%
Share
56%
Follow
31%
Donate
11%
Patreon
11%
Join
7%
Buy Merch
2%
Use code
2%
Check the Link in the description
0%
Hype points
0%
No matching quizzes found
Score Distribution
Percent of People with Each Score
Percentile by Number Answered
Your Score History
You have not taken this quiz